[Event "EU-chT Railways USIC"]
[Site "Dresden"]
[Date "2000.06.22"]
[Round "4.5"]
[White "Frydendal, Odd"]
[Black "Hippert, Jos"]
[Result "1-0"]
[WhiteElo "1501"]
[BlackElo "1590"]
[PlyCount "40"]
[EventDate "2000.06.19"]
[EventType "team-swiss"]
[EventRounds "7"]
[EventCountry "GER"]
[SourceTitle "EXT 2002"]
[Source "ChessBase"]
[SourceDate "2001.11.25"]
[SourceVersion "1"]
[SourceVersionDate "2001.11.25"]
[SourceQuality "1"]
[WhiteTeam "Norway (USIC)"]
[BlackTeam "Luxembourg (USIC)"]
[WhiteTeamCountry "NOR"]
[BlackTeamCountry "LUX"]

1. c4 c5 2. Nc3 Nc6 3. g3 g6 4. Bg2 Bg7 5. e3 e6 6. Nge2 Nge7 7. 0-0 0-0 8. d4 cxd4 9. exd4 d5 10. cxd5 exd5 11. Be3 f5 12. Nf4 Qd6 13. Qd2 a6 14. Rfd1 Be6 15. Nxe6 Qxe6 16. Rac1 Rfd8 17. Na4 Rd6 18. Nc5 Qc8 19. Bf4 Rd8 20. Na4 Qc7 1-0

[Event "EU-chT Railways USIC"]
[Site "Dresden"]
[Date "2000.06.21"]
[Round "3.5"]
[White "Hippert, Jos"]
[Black "Siponen, Eero"]
[Result "0-1"]
[WhiteElo "1590"]
[BlackElo "1971"]
[PlyCount "90"]
[EventDate "2000.06.19"]
[EventType "team-swiss"]
[EventRounds "7"]
[EventCountry "GER"]
[SourceTitle "EXT 2002"]
[Source "ChessBase"]
[SourceDate "2001.11.25"]
[SourceVersion "1"]
[SourceVersionDate "2001.11.25"]
[SourceQuality "1"]
[WhiteTeam "Luxembourg (USIC)"]
[BlackTeam "Finland (USIC)"]
[WhiteTeamCountry "LUX"]
[BlackTeamCountry "FIN"]

1. c4 c5 2. Nc3 Nc6 3. g3 g6 4. Bg2 Bg7 5. e3 d6 6. Nge2 Bg4 7. 0-0 Nf6 8. b3 0-0 9. Bb2 e5 10. e4 Rb8 11. f3 Bc8 12. d3 a6 13. f4 Nd4 14. Nxd4 cxd4 15. Nd5 Nxd5 16. exd5 f5 17. Qe2 Re8 18. Rae1 Bd7 19. Qf2 Qb6 20. Re2 exf4 21. Rxe8+ Rxe8 22. Re1 fxg3 23. hxg3 Rxe1+ 24. Qxe1 Be5 25. Bc1 Qc7 26. Bf4 b6 27. Bxe5 dxe5 28. Bh3 Qd6 29. Kg2 Kg7 30. b4 h6 31. a3 g5 32. g4 fxg4 33. Bxg4 Bxg4 34. Qe4 h5 35. c5 bxc5 36. bxc5 Qf6 37. c6 Qd6 38. Kg3 Bc8 39. Kf2 h4 40. Qg2 Kg6 41. Qe4+ Bf5 42. Qe1 Qxd5 43. c7 g4 44. Qe4 Qxe4 45. dxe4 Bc8 0-1